Uygulamalı Ceza Hukuku : (Record no. 200003141)

MARC details
000 -LEADER
fixed length control field 01330cam a2200337 i 4500
001 - CONTROL NUMBER
control field 200003141
003 - CONTROL NUMBER IDENTIFIER
control field TR-AnTOB
005 - DATE AND TIME OF LATEST TRANSACTION
control field 20230809001253.0
008 - FIXED-LENGTH DATA ELEMENTS--GENERAL INFORMATION
fixed length control field 110920b2010 tu 000 0 d
020 ## - INTERNATIONAL STANDARD BOOK NUMBER
International Standard Book Number 9789944265195
040 ## - CATALOGING SOURCE
Original cataloging agency TR-AnTOB
Language of cataloging eng
Transcribing agency TR-AnTOB
041 0# - LANGUAGE CODE
Language code of text/sound track or separate title Türkçe
050 14 - LIBRARY OF CONGRESS CALL NUMBER
Classification number KKX3790
Item number .A788 2010
090 ## - LOCALLY ASSIGNED LC-TYPE CALL NUMBER (OCLC); LOCAL CALL NUMBER (RLIN)
Classification number (OCLC) (R) ; Classification number, CALL (RLIN) (NR) KKX3790 .A788 2010
100 1# - MAIN ENTRY--PERSONAL NAME
Personal name Artuk, Mehmet Emin
Relator term author
9 (RLIN) 69441
245 10 - TITLE STATEMENT
Title Uygulamalı Ceza Hukuku :
Remainder of title genel hükümler - özel hükümler - ceza muhakemesi hukuku /
Statement of responsibility, etc. Mehmet Emin Artuk, Ahmet Gökcen, A. Caner Yenidünya.
250 ## - EDITION STATEMENT
Edition statement 4. baskı
264 #1 - PRODUCTION, PUBLICATION, DISTRIBUTION, MANUFACTURE, AND COPYRIGHT NOTICE
Place of production, publication, distribution, manufacture Ankara :
Name of producer, publisher, distributor, manufacturer Turhan Kitabevi,
Date of production, publication, distribution, manufacture, or copyright notice 2010.
300 ## - PHYSICAL DESCRIPTION
Extent xii, 516 pages ;
Dimensions 24 cm.
336 ## - CONTENT TYPE
Content type term text
Content type code txt
Source rdacontent
337 ## - MEDIA TYPE
Media type term unmediated
Media type code n
Source rdamedia
338 ## - CARRIER TYPE
Carrier type term volume
Carrier type code nc
Source rdacarrier
500 ## - GENERAL NOTE
General note Ceza Hukuku genel hükümler, ceza hukuku özel hükümler ve ceza muhakemesi hukuku derslerinin sınavlarında sorulan olay çözümleri, pratik kurlar için çözülmemiş olay ve Yargıtay kararları
504 ## - BIBLIOGRAPHY, ETC. NOTE
Bibliography, etc. note
650 #0 - SUBJECT ADDED ENTRY--TOPICAL TERM
Topical term or geographic name entry element Criminal law
Geographic subdivision Turkey
9 (RLIN) 39535
650 #7 - SUBJECT ADDED ENTRY--TOPICAL TERM
Topical term or geographic name entry element Ceza hukuku
Geographic subdivision Türkiye
Source of heading or term etuturkob
9 (RLIN) 48989
700 1# - ADDED ENTRY--PERSONAL NAME
Personal name Yenidünya, Ahmet Caner,
Dates associated with a name 1973-
Relator term author
9 (RLIN) 69464
Personal name Gökçen, Ahmet,
Dates associated with a name 1960-
Relator term author
9 (RLIN) 69442
942 ## - ADDED ENTRY ELEMENTS (KOHA)
Koha item type Book
Source of classification or shelving scheme Library of Congress Classification
Holdings
Withdrawn status Lost status Source of classification or shelving scheme Damaged status Not for loan Collection code Home library Current library Shelving location Date acquired Source of acquisition Cost, normal purchase price Serial Enumeration / chronology Inventory number Total Checkouts Total Renewals Total Holds Full call number Barcode Date last seen Date last checked out Copy number Cost, replacement price Date shelved Koha item type
    Library of Congress Classification Yeni / New Ödünç Verilebilir / Available Genel Koleksiyon Merkez Kütüphane Merkez Kütüphane Genel Koleksiyon / Main Collection 12/03/2011 Satın Alma / Purchase 0.00 1 HUK 8 3   KKX3790 .A788 2010 0035990 09/12/2022 03/12/2022 1 27.37 22/02/2011 Book
Devinim Yazılım Eğitim Danışmanlık tarafından Koha'nın orjinal sürümü uyarlanarak geliştirilip kurulmuştur.